000 00772nam a2200241 a 4500
005 20240316063735.0
008 031106s1995 mx r 000 0 spa d
020 _a8425419301
035 _aUPN01000130768
049 _aCG
050 4 _aBD25
_bF4.2
100 1 _aFerber, Rafael
245 1 0 _aConceptos fundamentales de la filosofía /
_bRafael Ferber ; tr. Claudio Gancho.
260 _aBarcelona, Esp. :
_bHerder,
_c1995.
300 _a208 p.
440 0 _aBiblioteca de la filosofía
590 _a(También localizas un ejemplar en el "Area de Reserva")
590 _aBibliografía Básica (BGTQ)
534 _pTraducción de:
_tPhilosophische grundbegriffe
650 4 _aFILOSOFIA -
_vINTRODUCCIONES
_95986
650 4 _aFilosofía
_95327
905 _aLibro
999 _c102925
_d102925